Wutreden im deutschen Fußball - Statistiken

Allgemein
  • Dieses Quiz wurde 39 mal gespielt
  • Das Durchschnittsergebnis liegt bei 5 aus 9
Antwortstatistiken
Hint Antwort % Korrekt
"Was erlauben Strunz? Letzte Jahre Meister geworden mit Hamann eh ... Nerlinger!" Giovanni Trapattoni
92%
"Du sitzt hier, locker bequem hier auf deinem Stuhl, hast drei Weizenbier getrunken und bist schön locker!" Rudi Völler
84%
"Eure Scheißstimmung, da seid ihr doch dafür verantwortlich und nicht wir!" Uli Hoeneß
76%
"Ich bin einer der lässt sich das nicht gefallen, Freunde der Sonne!" Stefan Effenberg
51%
"Da lach ich mir doch den Arsch ab!" Thomas Doll
46%
"Guten Tag! Meine Herren, es gibt vier Fragen und vier Antworten. Die Fragen stelle ich, die Antworten gebe ich auch." Klaus Augenthaler
43%
"Schweinerei so was du! So ein Beschiss du!" Lothar Matthäus
41%
"Ne das ist so! Nicht kann sein, das ist so! Warum kann das sein? Das kann nicht sein, das ist so! Ja dann sagen Sie doch mal, dass es so ist!" Christoph Daum
35%
"BILD. Ne! Warum schreibt Ihr immer so eine Scheiße? Hey! Warum spielt Ihr immer zwei Parteien gegeneinander aus? Hey! Ihr seid ja Arschlöcher!" Gertjan Verbeek
14%
Keine übereinstimmenden Quizze gefunden
Verteilung der Resultate
Anzahl Personen mit jedem Resultat
Perzentil nach korrekt beantworteten Fragen
Ihre Resultats-Entwicklung
Sie haben dieses Quiz noch nicht gespielt